| 000 | 01052cam a2200289 4500 | ||
|---|---|---|---|
| 008 | 090401t1993 xxu||||| |||| 00| 0 eng d | ||
| 020 | _a0854066004 | ||
| 035 | _a(Sirsi) u58623 | ||
| 041 | _aeng | ||
| 050 |
_a333.332 _c18 |
||
| 090 | _aRICS 1993/56ABCDE | ||
| 110 |
_aRoyal Institution of Chartered Surveyors _94900 |
||
| 245 | _aComments and guidance on the standard conditions of engagement and guidance on reporting... Home buyers' survey and valuation | ||
| 260 |
_aLondon _bRICS _c1993 |
||
| 300 |
_a21p. _c30cm. |
||
| 350 | _a5.95 | ||
| 490 | _aRICS Guidance Note | ||
| 520 | _aSuperseded by "RICS/ISVA homebuyer survey and valuation : HSV practice notes (ISBN 0854068414). | ||
| 650 | _aCONDITIONS OF ENGAGEMENT | ||
| 650 | _aRICS HOMEBUYER SURVEY AND VALUATION | ||
| 650 | _aBUILT ENVIRONMENT-BUILDING SURVEYING-STRUCTURAL SURVEYING | ||
| 650 |
_aValuation _96273 |
||
| 690 | _aBUILT ENVIRONMENT-BUILDING INSPECTION | ||
| 710 |
_aIncorporated Society of Valuers and Auctioneers _91201 |
||
| 942 | _n0 | ||
| 948 | _c04/03/1997 | ||
| 999 |
_c94084 _d94084 |
||